[Event "Rilton Cup 2010-11"]
[Site "Stockholm SWE"]
[Date "2010.12.27"]
[Round "1"]
[White "Thompson, Ian D"]
[Black "Sokolov, Ivan"]
[Result "0-1"]
[WhiteTitle "FM"]
[BlackTitle "GM"]
[WhiteElo "2264"]
[BlackElo "2642"]
[WhiteFideId "405205"]
[BlackFideId "14400030"]
[EventDate "2010.12.27"]

1. c4 Nf6 2. Nc3 g6 3. g3 Bg7 4. Bg2 e5 5. e4 d6 6. Nge2 Be6 7. d3 c6 8. O-O Qd7
9. b3 h5 10. h4 Ng4 11. d4 exd4 12. Nxd4 c5 13. Nde2 Nc6 14. Bf4 Nge5 15. Qd2
Rd8 16. Rad1 a6 17. Nd5 f6 18. Qc1 b5 19. Bd2 O-O 20. f4 Ng4 21. Ne3 Nd4 22.
Nxd4 cxd4 23. Nxg4 Bxg4 24. Bf3 Rc8 25. Qa3 Bxf3 26. Rxf3 Qc6 27. Re1 f5 28.
cxb5 axb5 29. Rc1 Qxe4 30. Rf2 Rxc1+ 31. Qxc1 d3 32. Kh2 Ra8 33. Be3 Re8 34. Bd2
Bd4 35. Rg2 Qf3 0-1

[Event "Rilton Cup 2010-11"]
[Site "Stockholm SWE"]
[Date "2010.12.27"]
[Round "1"]
[White "Sipila, Vilka"]
[Black "Berg, Emanuel"]
[Result "1/2-1/2"]
[BlackTitle "GM"]
[WhiteElo "2262"]
[BlackElo "2627"]
[WhiteFideId "505455"]
[BlackFideId "1704060"]
[EventDate "2010.12.27"]

1. c4 g6 2. g3 Bg7 3. Bg2 e5 4. Nc3 Ne7 5. Nf3 Nbc6 6. O-O O-O 7. d3 d6 8. Ne1
Be6 9. Nd5 Qd7 10. Nc2 Nd8 11. Bd2 Nc8 12. Rc1 c6 13. Nc3 f5 14. Na4 Ne7 15. b4
f4 16. Rb1 Bh3 17. b5 Bxg2 18. Kxg2 Ne6 19. Kg1 Ng5 20. f3 Qh3 21. Qe1 Nf5 22.
g4 Nh4 23. Qf2 h5 24. Be1 Nhxf3+ 25. exf3 hxg4 26. Qg2 Nxf3+ 27. Kh1 Qh5 28.
bxc6 bxc6 29. h3 e4 30. Qxg4 Qxg4 31. hxg4 d5 32. dxe4 dxe4 33. Nc5 Ng5 34. Bh4
Nf3 35. Be1 Ng5 36. Bb4 Rf7 37. Rbe1 Re8 38. Nd3 f3 39. Bd2 Bf6 40. Nf2 Rh7+ 41.
Kg1 Nh3+ 42. Nxh3 Rxh3 43. Bf4 g5 44. Bd6 Bc3 45. Kf2 Bxe1+ 46. Rxe1 Kf7 47. Nd4
e3+ 48. Rxe3 Rxe3 49. Kxe3 f2+ 50. Kxf2 Rd3 51. Bc5 Rd2+ 52. Ke3 Rxa2 53. Nxc6
a5 54. Ke4 a4 55. Kf5 a3 56. Ne5+ Ke8 57. Ke6 Ra1 58. Bxa3 Rxa3 59. c5 Kd8 60.
Kf6 Rc3 61. c6 Rc5 62. Nf7+ Ke8 63. Ne5 1/2-1/2

[Event "Rilton Cup 2010-11"]
[Site "Stockholm SWE"]
[Date "2010.12.27"]
[Round "1"]
[White "Forsberg, Viktor"]
[Black "Gleizerov, Evgeny"]
[Result "0-1"]
[BlackTitle "GM"]
[WhiteElo "2255"]
[BlackElo "2572"]
[WhiteFideId "1707914"]
[BlackFideId "4101332"]
[EventDate "2010.12.27"]

1. d4 e6 2. c4 f5 3. g3 Nf6 4. Bg2 c6 5. Nf3 d5 6. O-O Bd6 7. Qc2 O-O 8. Nc3 Bd7
9. Rb1 Be8 10. Bf4 Bxf4 11. gxf4 Nbd7 12. cxd5 Nxd5 13. Nxd5 exd5 14. b4 Nf6 15.
Ne5 Ne4 16. f3 Nd6 17. Rf2 a5 18. e3 axb4 19. Rxb4 Ra3 20. Rb3 Rxb3 21. Qxb3 Qa5
22. a4 Bf7 23. Bf1 Ra8 24. Qa3 Qc7 25. Qb4 Be6 26. Bd3 Nf7 27. Rb2 Ra7 28. Bc2
Nd6 29. Qb6 Qxb6 30. Rxb6 Kf8 31. Kf2 Ke8 32. Ke2 Ra8 33. Kd2 Kd8 34. Rb1 Kc7
35. h4 Nc4+ 36. Nxc4 dxc4 37. Rg1 b5 38. Rxg7+ Kd6 39. Kc3 bxa4 40. Bb1 a3 41.
Ba2 Bd5 42. Rg1 Bxf3 43. Bxc4 Bd5 44. Bd3 Ke6 45. Bc2 Rb8 46. Ra1 a2 47. Rg1 Rg8 0-1

[Event "Rilton Cup 2010-11"]
[Site "Stockholm SWE"]
[Date "2010.12.27"]
[Round "1"]
[White "Czarnota, Dorota"]
[Black "Tikkanen, Hans"]
[Result "0-1"]
[WhiteTitle "WIM"]
[BlackTitle "IM"]
[WhiteElo "2229"]
[BlackElo "2550"]
[WhiteFideId "1122410"]
[BlackFideId "1706446"]
[EventDate "2010.12.27"]

1. e4 c5 2. Nf3 e6 3. d4 cxd4 4. Nxd4 Nc6 5. Nb5 d6 6. c4 Nf6 7. N1c3 a6 8. Na3
b6 9. Be2 Bb7 10. Nc2 Be7 11. O-O Qc7 12. Ne3 g5 13. b3 Ne5 14. f3 Rg8 15. Kh1
Rg6 16. Re1 b5 17. Bb2 b4 18. Na4 g4 19. Bxe5 gxf3 20. gxf3 dxe5 21. Rg1 Bc6 22.
Rxg6 hxg6 23. Nb2 Bc5 24. Ng2 Bd4 25. Qc2 Qb7 26. Bd3 O-O-O 27. Rd1 g5 28. c5 g4
29. Nc4 gxf3 30. Nd6+ Rxd6 31. cxd6 fxg2+ 32. Kxg2 Kd8 33. Kf3 Ne8 34. Rc1 Kd7
35. Qc4 Nxd6 36. Qxa6 Bxe4+ 37. Kg4 f5+ 38. Kh5 Qb8 39. Qa4+ Ke7 0-1

[Event "Rilton Cup 2010-11"]
[Site "Stockholm SWE"]
[Date "2010.12.27"]
[Round "1"]
[White "Ivanov, Sergey"]
[Black "Bouaraba, Max"]
[Result "1-0"]
[WhiteTitle "GM"]
[WhiteElo "2536"]
[BlackElo "2219"]
[WhiteFideId "4101375"]
[BlackFideId "4635973"]
[EventDate "2010.12.27"]

1. d4 Nf6 2. c4 e6 3. Nf3 d5 4. Nc3 Bb4 5. Qa4+ Nc6 6. e3 O-O 7. Bd2 Bd7 8. Qc2
Qe7 9. Rc1 Rfe8 10. a3 Bxc3 11. Bxc3 Ne4 12. b4 Nxc3 13. Qxc3 a6 14. Be2 dxc4
15. Bxc4 e5 16. d5 Na7 17. O-O Nc8 18. Bb3 c6 19. Rfd1 e4 20. dxc6 Bxc6 21. Ne5
Qxe5 22. Qxe5 Rxe5 23. Rxc6 Ne7 24. Rc7 b6 25. Ra7 Rb8 26. Rxa6 g5 27. g3 Rb7
28. a4 Ng6 29. Rd6 Rc7 30. Raxb6 Rc1+ 31. Rd1 Rxd1+ 32. Bxd1 Rd5 33. Bc2 Rd2 34.
Bxe4 Ne5 35. a5 Ng4 36. a6 Ra2 37. Rb5 Nxf2 38. Rxg5+ Kf8 39. Ra5 Nh3+ 40. Kf1 1-0

[Event "Rilton Cup 2010-11"]
[Site "Stockholm SWE"]
[Date "2010.12.27"]
[Round "1"]
[White "Berczes, David"]
[Black "Holving, Rasmus"]
[Result "1-0"]
[WhiteTitle "GM"]
[WhiteElo "2526"]
[BlackElo "2211"]
[WhiteFideId "722960"]
[BlackFideId "1703145"]
[EventDate "2010.12.27"]

1. d4 d5 2. Nf3 Nf6 3. c4 Bf5 4. cxd5 Bxb1 5. Qa4+ Qd7 6. Qxd7+ Nbxd7 7. Rxb1
Nb6 8. g3 Nbxd5 9. Bg2 e6 10. O-O c5 11. Bd2 Ne4 12. Be1 f5 13. Rc1 Rc8 14. Ne5
Bd6 15. Nd3 b6 16. f3 Nef6 17. e4 fxe4 18. fxe4 Ne3 19. e5 Nxf1 20. Bxf1 O-O 21.
exd6 cxd4 22. Rxc8 Rxc8 23. Bh3 Kf7 24. Ne5+ Ke8 25. d7+ Nxd7 26. Bxe6 Rc5 27.
Bxd7+ Kd8 28. Nd3 1-0

[Event "Rilton Cup 2010-11"]
[Site "Stockholm SWE"]
[Date "2010.12.27"]
[Round "1"]
[White "Ostling, Hakan"]
[Black "Cramling, Pia"]
[Result "1-0"]
[BlackTitle "GM"]
[WhiteElo "2207"]
[BlackElo "2526"]
[WhiteFideId "1708635"]
[BlackFideId "1700030"]
[EventDate "2010.12.27"]

1. f4 d5 2. Nf3 g6 3. g3 Bg7 4. Bg2 b6 5. d3 Bb7 6. O-O Nd7 7. c3 Ngf6 8. Qc2
O-O 9. Nbd2 Re8 10. d4 c5 11. e3 Qc7 12. Ne5 Rad8 13. a4 Rf8 14. Qd3 Nb8 15. Rf2
Ba6 16. Qb1 Bc8 17. a5 Ng4 18. Nxg4 Bxg4 19. axb6 axb6 20. Qa2 Be6 21. Nf3 f6
22. e4 Nc6 23. e5 cxd4 24. Nxd4 Nxd4 25. cxd4 fxe5 26. dxe5 Bxe5 27. fxe5 Rxf2
28. Kxf2 Qc2+ 29. Kg1 Qd1+ 30. Bf1 Qd4+ 31. Kh1 Qe4+ 32. Kg1 Rc8 33. Bh6 Qxe5
34. Qa3 Bf5 35. Qe3 Qxe3+ 36. Bxe3 e5 37. Bxb6 d4 38. b3 d3 39. Be3 Rc3 40. Bg2
Be6 41. Rb1 Rc2 42. Bf3 d2 43. b4 Rc3 44. Kf2 1-0

[Event "Rilton Cup 2010-11"]
[Site "Stockholm SWE"]
[Date "2010.12.27"]
[Round "1"]
[White "Grandelius, Nils"]
[Black "Ask, Josef"]
[Result "1-0"]
[WhiteTitle "GM"]
[WhiteElo "2525"]
[BlackElo "2205"]
[WhiteFideId "1710400"]
[BlackFideId "1704583"]
[EventDate "2010.12.27"]

1. Nf3 c5 2. g3 Nc6 3. c4 g6 4. d4 cxd4 5. Nxd4 Bg7 6. Nc2 Nf6 7. Bg2 O-O 8. O-O
d6 9. Nc3 Rb8 10. b3 a6 11. Bb2 Bd7 12. Nd5 Ne8 13. Bxg7 Nxg7 14. Qd2 b5 15.
cxb5 axb5 16. Rac1 e6 17. Ncb4 Nxb4 18. Nxb4 d5 19. e4 dxe4 20. Rfd1 Qa5 21. Nd5
Qxd2 22. Nf6+ Kh8 23. Rxd2 Bc8 24. Bxe4 Bb7 25. Rc7 Nh5 26. Bxb7 Nxf6 27. a4
bxa4 28. bxa4 Kg7 29. a5 Nd5 30. Bxd5 Rb1+ 31. Kg2 Rd8 32. Be4 1-0

[Event "Rilton Cup 2010-11"]
[Site "Stockholm SWE"]
[Date "2010.12.27"]
[Round "1"]
[White "Brynell, Stellan"]
[Black "Kopasov, Alexander"]
[Result "0-1"]
[WhiteTitle "GM"]
[WhiteElo "2492"]
[BlackElo "2198"]
[WhiteFideId "1700219"]
[BlackFideId "24106623"]
[EventDate "2010.12.27"]

1. d4 Nf6 2. c4 e6 3. Nf3 b6 4. g3 Ba6 5. b3 d5 6. Bg2 dxc4 7. Ne5 Bb4+ 8. Kf1
Bd6 9. Nxc4 Nd5 10. e4 Ne7 11. Kg1 Bxc4 12. bxc4 Be5 13. Qa4+ b5 14. Qxb5+ Nbc6
15. Nd2 Rb8 16. Qa4 Qxd4 17. Rb1 Rxb1 18. Nxb1 Qa1 19. Qc2 O-O 20. Bf1 Nd4 21.
Qd3 Rb8 22. Ba3 Rxb1 23. Bxe7 Rd1 0-1

[Event "Rilton Cup 2010-11"]
[Site "Stockholm SWE"]
[Date "2010.12.27"]
[Round "1"]
[White "Hobber, Anders"]
[Black "Karlsson, Lars"]
[Result "1/2-1/2"]
[BlackTitle "GM"]
[WhiteElo "2196"]
[BlackElo "2466"]
[WhiteFideId "1505424"]
[BlackFideId "1700057"]
[EventDate "2010.12.27"]

1. d4 e6 2. e4 d5 3. exd5 exd5 4. Bd3 Bd6 5. Ne2 Nf6 6. Bg5 h6 7. Bh4 O-O 8.
Nbc3 c6 9. Qd2 Nbd7 10. O-O-O b5 11. Ng3 Nb6 12. Nh5 Nxh5 13. Bxd8 Bf4 14. Bc7
Bxd2+ 15. Rxd2 Be6 16. h4 1/2-1/2

[Event "Rilton Cup 2010-11"]
[Site "Stockholm SWE"]
[Date "2010.12.27"]
[Round "1"]
[White "Jansson, Anders O."]
[Black "Semcesen, Daniel"]
[Result "1/2-1/2"]
[BlackTitle "IM"]
[WhiteElo "2171"]
[BlackElo "2449"]
[WhiteFideId "1703277"]
[BlackFideId "1706993"]
[EventDate "2010.12.27"]

1. Nf3 b6 2. e4 Bb7 3. Nc3 e6 4. d4 Nf6 5. e5 Ne4 6. Nxe4 Bxe4 7. Bd3 Bxd3 8.
Qxd3 Nc6 9. O-O Be7 10. Qe4 O-O 11. Bf4 f5 12. exf6 Bxf6 13. Rad1 Ne7 14. Bg3
Re8 15. c4 c6 16. b3 Nf5 17. Be5 d5 18. Qe2 Rc8 19. Rfe1 Be7 20. h3 Bb4 21. Rf1
h6 22. Qc2 Qe7 23. Ra1 Qf7 24. a3 Be7 25. c5 Bf6 26. Rfc1 Ne7 27. b4 Ng6 28. Qd2 1/2-1/2

[Event "Rilton Cup 2010-11"]
[Site "Stockholm SWE"]
[Date "2010.12.27"]
[Round "1"]
[White "Smith, Axel"]
[Black "Wihlborn, Bengt"]
[Result "1-0"]
[WhiteTitle "IM"]
[WhiteElo "2448"]
[BlackElo "1895"]
[WhiteFideId "1707930"]
[BlackFideId "1709496"]
[EventDate "2010.12.27"]

1. d4 Nf6 2. Nf3 e6 3. c4 b6 4. g3 Bb7 5. Bg2 c5 6. d5 d6 7. Nc3 e5 8. O-O Be7
9. e4 O-O 10. Ne1 Nbd7 11. Nd3 Re8 12. f4 Bf8 13. Qf3 h6 14. Bd2 a6 15. a4 Bc8
16. Rf2 Ra7 17. Raf1 Be7 18. h3 Rf8 19. h4 h5 20. Bh3 Qc7 21. f5 Re8 22. Bg5 Qd8
23. Rg2 b5 24. axb5 axb5 25. Nxb5 Ra2 26. Na3 Qb6 27. Qd1 Nxe4 28. Bxe7 Rxe7 29.
g4 Re8 30. g5 Nf8 31. Qe1 Nc3 32. Qxc3 e4 33. Nf4 Re5 34. Nxh5 1-0

[Event "Rilton Cup 2010-11"]
[Site "Stockholm SWE"]
[Date "2010.12.27"]
[Round "1"]
[White "Wiander, Michael"]
[Black "Urkedal, Frode"]
[Result "0-1"]
[BlackTitle "FM"]
[WhiteElo "2158"]
[BlackElo "2438"]
[WhiteFideId "1702580"]
[BlackFideId "1506102"]
[EventDate "2010.12.27"]

1. e4 c5 2. b4 cxb4 3. d4 d5 4. e5 Nc6 5. a3 Qb6 6. Be3 Bf5 7. Ne2 e6 8. Ng3 Bg6
9. h4 h6 10. h5 Bh7 11. Bd3 Bxd3 12. Qxd3 bxa3 13. O-O a2 14. Nd2 Nge7 15. f4
Nb4 16. Qb3 Rc8 17. c3 Na6 18. Qc2 Qc6 19. Rfc1 Qd7 20. Qxa2 Nc6 21. Rf1 Nd8 22.
Rac1 g6 23. Nb1 Be7 24. Qe2 Rg8 25. Qg4 Qb5 26. f5 g5 27. fxe6 fxe6 28. Qd1 Kd7
29. Qc2 Rg7 30. Nd2 Kc7 31. c4 dxc4 32. Nxc4 Kb8 33. Qa2 Nb4 34. Qb3 Qd5 35. Rf2
Ndc6 36. Rd2 b5 0-1

[Event "Rilton Cup 2010-11"]
[Site "Stockholm SWE"]
[Date "2010.12.27"]
[Round "1"]
[White "Akesson, Ralf"]
[Black "Johansson, Linus"]
[Result "1/2-1/2"]
[WhiteTitle "GM"]
[WhiteElo "2434"]
[BlackElo "1966"]
[WhiteFideId "1700120"]
[BlackFideId "1711113"]
[EventDate "2010.12.27"]

1. d4 Nf6 2. c4 e6 3. Nc3 Bb4 4. Qc2 d5 5. cxd5 Qxd5 6. Nf3 Qf5 7. Qxf5 exf5 8.
a3 Bxc3+ 9. bxc3 Be6 10. e3 Nbd7 11. c4 c6 12. Ng5 Nb6 13. Nxe6 fxe6 14. a4
O-O-O 15. Be2 Rhe8 16. Bb2 Nbd7 17. f3 e5 18. Kf2 Re6 19. Rhd1 Rde8 20. d5 Rd6
21. Ba3 c5 22. a5 Ra6 23. Bb2 Rf8 24. Kg1 Ne8 25. f4 e4 26. h3 Rg8 27. Rf1 Rh6
28. Kh2 Nef6 29. Rab1 g5 30. fxg5 Rxg5 31. Rf4 Ng4+ 32. Bxg4 fxg4 33. Rxe4 gxh3
34. g4 Rhg6 35. Kxh3 h5 36. Rg1 hxg4+ 37. Rgxg4 b5 38. axb6 Nxb6 39. Rxg5 Rxg5
40. Ba3 Nd7 41. Re6 Nb6 42. Rc6+ Kd7 43. Bxc5 Nxc4 44. Bxa7 Nd2 45. Rc2 Rxd5 46.
Kg4 Ne4 47. Kf4 Nf6 48. e4 Nh5+ 49. Ke3 Ra5 50. Bc5 Nf6 51. Bd4 Ke7 52. Rc6 Nd7
53. Kf4 Rh5 54. Bc3 Rb5 55. e5 Kd8 56. e6 Ke7 57. exd7 Kxd7 58. Rh6 Rc5 59. Bd4
Rc1 60. Ke5 Re1+ 61. Kd5 Rd1 62. Rh7+ Kd8 63. Ke5 Kc8 64. Bc5 Rd3 65. Ke6 Rd1
66. Bd6 Rc1 67. Rg7 Rc2 68. Kd5 Rc1 69. Bc5 Kd8 70. Kc6 Re1 71. Rf7 Re2 72. Rf1
Re4 73. Rf8+ Re8 74. Rf2 Re1 75. Rf3 Re2 76. Rf1 Re4 77. Bd6 Rc4+ 78. Kd5 Rc2
79. Ke6 Kc8 80. Rb1 Kd8 81. Rb3 Re2+ 82. Be5 Rc2 83. Rb7 Rc1 84. Bg3 Rc2 85. Be5
Rc1 86. Rb2 Rc4 87. Ra2 Kc8 88. Rb2 Kd8 89. Rb1 Rc2 90. Rb8+ Rc8 1/2-1/2

[Event "Rilton Cup 2010-11"]
[Site "Stockholm SWE"]
[Date "2010.12.27"]
[Round "1"]
[White "Palmblad, Jan Peter"]
[Black "Souleidis, Georgios"]
[Result "0-1"]
[BlackTitle "IM"]
[WhiteElo "2135"]
[BlackElo "2411"]
[WhiteFideId "1705512"]
[BlackFideId "4206827"]
[EventDate "2010.12.27"]

1. e4 c5 2. Nf3 Nc6 3. d4 cxd4 4. Nxd4 Qb6 5. Nb3 Nf6 6. Nc3 e6 7. Be3 Qc7 8. a3
a6 9. f3 Be7 10. g4 d6 11. g5 Nd7 12. f4 b5 13. Qe2 Nb6 14. Qf2 Rb8 15. Nd2 Na5
16. f5 Nac4 17. Nxc4 Nxc4 18. Bd4 Bxg5 19. Bxg7 Rg8 20. Bd4 Qd8 21. h4 Bd2+ 22.
Kd1 Bh6 23. fxe6 Nxb2+ 24. Ke1 Bxe6 25. Bf6 Qb6 26. Bd4 Qa5 27. Bh3 Bg7 28. Bxe6
fxe6 29. Rg1 Rf8 30. Qe3 Nc4 31. Qd3 Ne5 32. Bxe5 Bxe5 33. Kd2 Rc8 34. Raf1
Qxc3+ 35. Qxc3 Bxc3+ 36. Kd3 Rxf1 37. Rxf1 Be5 0-1

[Event "Rilton Cup 2010-11"]
[Site "Stockholm SWE"]
[Date "2010.12.27"]
[Round "1"]
[White "Sagit, Rauan"]
[Black "Azizi, Haroon"]
[Result "0-1"]
[WhiteTitle "FM"]
[WhiteElo "2406"]
[BlackElo "2140"]
[WhiteFideId "1708376"]
[BlackFideId "1705687"]
[EventDate "2010.12.27"]

1. e4 Nf6 2. e5 Nd5 3. d4 d6 4. Bc4 dxe5 5. dxe5 c6 6. Nf3 Bg4 7. h3 Bxf3 8.
Qxf3 e6 9. O-O Nd7 10. Re1 g6 11. Bb3 Bg7 12. c4 Ne7 13. Bf4 Qa5 14. Bd2 Qc7 15.
Bc3 O-O 16. Qe2 a5 17. Nd2 a4 18. Bc2 c5 19. Nf3 Nc6 20. a3 Nb6 21. Rad1 Rfd8
22. Qe3 Nd4 23. Nxd4 cxd4 24. Bxd4 Nxc4 25. Qc3 Rdc8 26. Bb1 b5 27. h4 Qe7 28.
Qh3 b4 29. axb4 Qxb4 30. h5 Qe7 31. Rd3 Nxe5 32. Rde3 Nf3+ 33. Rxf3 Bxd4 34. Qg4
Bg7 35. hxg6 hxg6 36. Bxg6 fxg6 37. Rxe6 Rc1+ 38. Kh2 Be5+ 0-1

[Event "Rilton Cup 2010-11"]
[Site "Stockholm SWE"]
[Date "2010.12.27"]
[Round "1"]
[White "Bryntze, Stefan"]
[Black "Lindberg, Bosse"]
[Result "0-1"]
[WhiteElo "2135"]
[BlackElo "2404"]
[WhiteFideId "1709100"]
[BlackFideId "1705997"]
[EventDate "2010.12.27"]

1. f4 d5 2. e3 g6 3. Nf3 Bg7 4. c4 Nf6 5. Nc3 O-O 6. d4 c5 7. Qb3 Nc6 8. cxd5
Na5 9. Qa3 cxd4 10. exd4 Nxd5 11. Bd2 Nc6 12. Bb5 Nxd4 13. Nxd4 Bxd4 14. Rd1
Nxc3 15. Bxc3 Bxc3+ 16. Qxc3 Qb6 17. Be2 Be6 18. h4 Rac8 19. Qa3 Rc2 20. Qg3
Qxb2 0-1

[Event "Rilton Cup 2010-11"]
[Site "Stockholm SWE"]
[Date "2010.12.27"]
[Round "1"]
[White "Bellon Lopez, Juan Manuel"]
[Black "Pettersson, Anders"]
[Result "1-0"]
[WhiteTitle "GM"]
[WhiteElo "2394"]
[BlackElo "2127"]
[WhiteFideId "2200031"]
[BlackFideId "1709771"]
[EventDate "2010.12.27"]

1. d4 d5 2. Bg5 Nd7 3. e3 Ngf6 4. f4 g6 5. Nf3 Bg7 6. Nbd2 O-O 7. Bd3 c5 8. c3
b6 9. O-O Bb7 10. Ne5 Ne4 11. Nxe4 dxe4 12. Bc4 cxd4 13. exd4 Nf6 14. Qb3 Nd5
15. Bxd5 Bxd5 16. Bxe7 Bxb3 17. Bxd8 Bxe5 18. fxe5 Bc4 19. Bf6 Bxf1 20. Kxf1
Rfc8 21. Ke2 b5 22. a3 Kf8 23. Ke3 a5 24. Kxe4 a4 25. Rf1 Ra6 26. Rf3 Ke8 27. g4
Kf8 28. Rh3 Kg8 29. g5 Ra7 30. Rd3 Rc4 31. Bd8 Rd7 32. Bb6 Kg7 33. Bc5 Kg8 34.
Rf3 Kg7 35. Rf6 Rc7 36. Kd5 1-0

[Event "Rilton Cup 2010-11"]
[Site "Stockholm SWE"]
[Date "2010.12.27"]
[Round "1"]
[White "Frisk, Ellinor"]
[Black "Holmsten, Aleksei"]
[Result "1/2-1/2"]
[WhiteTitle "WFM"]
[BlackTitle "IM"]
[WhiteElo "2126"]
[BlackElo "2381"]
[WhiteFideId "1708481"]
[BlackFideId "500933"]
[EventDate "2010.12.27"]

1. e4 c5 2. Nf3 Nc6 3. d4 cxd4 4. Nxd4 Nf6 5. Nc3 e5 6. Ndb5 d6 7. Bg5 a6 8. Na3
b5 9. Bxf6 gxf6 10. Nd5 Bg7 11. c3 f5 12. exf5 Bxf5 13. Nc2 O-O 14. Nce3 Be6 15.
Bd3 f5 16. Qh5 e4 17. Bc2 Be5 18. O-O Ra7 19. Rad1 Rg7 20. f4 exf3 21. Rxf3 f4
22. Nf5 Bxf5 23. Bxf5 Ne7 24. Be4 Nxd5 25. Bxd5+ Kh8 26. Rfd3 b4 27. cxb4 Qb6+
28. Kh1 Qxb4 29. b3 Rc7 30. Bc4 a5 31. a4 Qb6 32. Qf3 Qa7 33. Rd5 Rc5 34. h3 Rc7
35. Rb5 Rg7 36. Bd5 Rg3 37. Qh5 Qe3 38. Rb7 Rg7 39. Rxg7 Bxg7 40. Qf3 Be5 41.
Rf1 Rf6 42. Qg4 Rf8 43. Qf3 Rc8 44. Qg4 Rb8 45. Qf3 Qd2 46. Rd1 Qc2 47. Bc4 Qg6
48. Rf1 Qg3 49. Kg1 Qg5 50. Qd3 Rc8 51. Rd1 Rf8 52. Qf3 Qg7 53. Rf1 Re8 54. Kh1
Qg3 55. Qh5 Re7 56. Qf5 Kg7 57. Rf3 Qg6 58. Qxg6+ hxg6 59. Kg1 Bd4+ 60. Kf1 1/2-1/2

[Event "Rilton Cup 2010-11"]
[Site "Stockholm SWE"]
[Date "2010.12.27"]
[Round "1"]
[White "Furhoff, Johan"]
[Black "Nielsen, Rogvi Egilstoft"]
[Result "1-0"]
[WhiteTitle "IM"]
[WhiteElo "2365"]
[BlackElo "2116"]
[WhiteFideId "1701797"]
[BlackFideId "7200447"]
[EventDate "2010.12.27"]

1. e4 e5 2. Nf3 Nc6 3. Bc4 Nf6 4. d4 exd4 5. e5 d5 6. Bb5 Ne4 7. Nxd4 Bd7 8.
Bxc6 bxc6 9. O-O Bc5 10. Be3 O-O 11. Nd2 Qe7 12. f4 Nxd2 13. Qxd2 f6 14. Nb3 Bb6
15. Qc3 fxe5 16. fxe5 Rae8 17. Bc5 Rxf1+ 18. Rxf1 h6 19. Re1 Qg5 20. a4 a5 21.
h3 Qh4 22. Qe3 Bf5 23. Bxb6 cxb6 24. Nd4 Be4 25. Nxc6 Re6 26. Nd4 Rg6 27. Re2
Rg3 28. Qd2 Qxh3 29. e6 Rg6 30. c4 Qh5 31. Qf4 Kh7 32. cxd5 Bxg2 33. Rxg2 Qd1+
34. Kf2 Rf6 35. Nf5 Qc2+ 36. Ke3 Rxf5 37. Qe4 Qxe4+ 38. Kxe4 Rf8 39. Ke5 Kg8 40.
d6 Re8 41. d7 1-0

[Event "Rilton Cup 2010-11"]
[Site "Stockholm SWE"]
[Date "2010.12.27"]
[Round "1"]
[White "Lindgren, Philip"]
[Black "Leer-Salvesen, Bjarte"]
[Result "0-1"]
[BlackTitle "IM"]
[WhiteElo "2091"]
[BlackElo "2360"]
[WhiteFideId "1713230"]
[BlackFideId "1501496"]
[EventDate "2010.12.27"]

1. d4 d5 2. c4 e6 3. Nc3 Nf6 4. cxd5 exd5 5. Bg5 Be7 6. e3 c6 7. Bd3 O-O 8. Qc2
Nbd7 9. Nge2 Re8 10. O-O Nf8 11. f3 Be6 12. Rae1 Rc8 13. Ng3 h6 14. Bf4 Bd6 15.
Bxd6 Qxd6 16. a3 a6 17. Na4 Rc7 18. Qf2 Rce7 19. Re2 N8d7 20. Rc1 b5 21. Nc5
Nxc5 22. Rxc5 Nd7 23. Rc3 c5 24. dxc5 Nxc5 25. Bb1 Na4 26. Rc1 b4 27. axb4 Qxb4
28. Rd2 Rb8 29. f4 Nxb2 30. f5 Nc4 31. Rdd1 Bd7 32. f6 Re5 33. fxg7 Nxe3 34. Qf6
Nxd1 35. Qxe5 Qb6+ 0-1

[Event "Rilton Cup 2010-11"]
[Site "Stockholm SWE"]
[Date "2010.12.27"]
[Round "1"]
[White "Wenzel, Birger"]
[Black "Straeter, Timo"]
[Result "0-1"]
[BlackTitle "FM"]
[WhiteElo "2060"]
[BlackElo "2325"]
[WhiteFideId "4657497"]
[BlackFideId "4621964"]
[EventDate "2010.12.27"]

1. d4 Nf6 2. c4 e6 3. Nf3 c5 4. d5 d6 5. Nc3 exd5 6. cxd5 g6 7. Bf4 Bg7 8. Qa4+
Bd7 9. Qb3 Qc7 10. e4 O-O 11. Nd2 Nh5 12. Be3 f5 13. exf5 gxf5 14. Be2 f4 15.
Bxh5 fxe3 16. fxe3 a6 17. a4 Bc8 18. Ke2 Nd7 19. Nc4 Rb8 20. Rhf1 Nf6 21. Bf3 b6
22. Qc2 Qe7 23. Qd3 Bd7 24. a5 b5 25. Nb6 c4 26. Qc2 Rbe8 27. Nd1 Qe5 28. Nxd7
Nxd7 29. h3 Nc5 30. Rb1 Nb3 31. Kf2 Nd4 32. Qd2 Nxf3 33. gxf3 Qf5 34. Nc3 Qxf3+
35. Kg1 Qxh3 36. e4 Rxf1+ 37. Rxf1 Re5 38. Qf4 h6 39. Kf2 Rg5 40. Ke1 Qg3+ 41.
Qxg3 Rxg3 42. Kd2 Rg2+ 43. Kc1 b4 44. Nd1 Re2 45. Rf4 h5 46. Rh4 Bh6+ 47. Kb1
Re1 0-1

[Event "Rilton Cup 2010-11"]
[Site "Stockholm SWE"]
[Date "2010.12.27"]
[Round "1"]
[White "Olund, Joar"]
[Black "Jacobsen, Bo"]
[Result "0-1"]
[WhiteElo "2035"]
[BlackElo "2317"]
[WhiteFideId "1714848"]
[BlackFideId "1400738"]
[EventDate "2010.12.27"]

1. d4 Nf6 2. Nf3 g6 3. c4 Bg7 4. Nc3 O-O 5. e4 d6 6. Be2 Bg4 7. Be3 Nfd7 8. Rc1
Nc6 9. O-O e5 10. d5 Bxf3 11. Bxf3 Nd4 12. Bxd4 exd4 13. Nb5 a6 14. Nxd4 Qf6 15.
Nb3 Qxb2 16. Qc2 b6 17. Qxb2 Bxb2 18. Rc2 Bg7 19. Re1 Rfe8 20. Kf1 h5 21. h3 Re7
22. g4 h4 23. Rd1 Be5 24. Nd4 Bxd4 25. Rxd4 g5 26. Kg2 Rae8 27. Kh2 Kg7 28. Bg2
Kf6 29. f3 Ke5 30. Rd1 Kf4 31. Rc3 Ne5 32. Rb1 Rb8 33. Rbb3 Ree8 34. Bf1 Rec8
35. Kg2 c6 36. Kf2 b5 37. dxc6 b4 38. Rc1 a5 39. a3 Rxc6 40. axb4 Rxb4 41. Rbc3
Rb2+ 42. Be2 Ra2 43. R3c2 Rxc2 44. Rxc2 Rc5 45. Rc3 a4 46. Ra3 Ra5 47. Ke1 Nd7
48. Kd2 Nc5 49. Kc3 Ne6 50. Kb4 Ra7 51. Bd1 Kg3 52. f4+ Kxf4 53. Bxa4 Nc5 54.
Be8 Rxa3 55. Kxa3 f6 56. Bc6 Nxe4 57. Kb4 Nf2 58. Kb5 Nxh3 59. Kb6 Nf2 60. Bg2
h3 61. Bxh3 Nxh3 62. Kc6 Ke5 0-1

[Event "Rilton Cup 2010-11"]
[Site "Stockholm SWE"]
[Date "2010.12.27"]
[Round "1"]
[White "Groetz, Harald"]
[Black "Cederstam-Barsk, Carl"]
[Result "1-0"]
[WhiteTitle "IM"]
[WhiteElo "2314"]
[BlackElo "2020"]
[WhiteFideId "1605607"]
[BlackFideId "1713329"]
[EventDate "2010.12.27"]

1. e4 c6 2. d4 d5 3. Nd2 dxe4 4. Nxe4 Bf5 5. Ng3 Bg6 6. h4 h6 7. Nf3 Nd7 8. h5
Bh7 9. Bd3 Bxd3 10. Qxd3 e6 11. Bf4 Ngf6 12. O-O-O Be7 13. Kb1 Qa5 14. Ne5 Nd5
15. Bd2 Nb4 16. Bxb4 Qxb4 17. Nxd7 Kxd7 18. Qf3 Ke8 19. Rd3 Qa5 20. c4 Rd8 21.
Rhd1 Qa6 22. b3 b5 23. cxb5 Qxb5 24. Ne4 Qd5 25. Qe2 Bf6 26. f3 Ke7 27. Qb2 Rd7
28. Qa3+ Ke8 29. g4 Be7 30. Qc1 f5 31. Nc3 Qd6 32. gxf5 exf5 33. d5 c5 34. Re1
Kf7 35. Qe3 Rb7 36. Qe6+ Qxe6 37. dxe6+ Ke8 38. Nd5 Rf8 39. Kc2 f4 40. Re4 Bd6
41. Nc3 Ke7 42. Re2 Rc8 43. Nd5+ Ke8 44. Re4 Rc6 45. Rd1 Rb5 46. a4 Rb8 47. Rg1
c4 48. Rxc4 Rxc4+ 49. bxc4 Be5 50. Rb1 Rc8 51. Kd3 g6 52. hxg6 Kf8 53. Rb7 Re8
54. Rf7+ Kg8 55. Ne7+ 1-0